[Event "2BLN 2324 Lübecker SV - SK Doppelbauer "]
[Site "?"]
[Date "2024.03.17"]
[Round "10.8"]
[White "Engel, Bruno"]
[Black "Stegert, Jonas"]
[Result "1-0"]
[WhiteElo "2007"]
[BlackElo "1919"]
[PlyCount "59"]
[EventDate "2024.??.??"]

1. d4 d5 2. Nc3 Nf6 3. Bf4 Bf5 4. e3 e6 5. Bd3 Bxd3 6. cxd3 Bd6 7. Bxd6 cxd6 8. Qb3 Qd7 9. Nge2 O-O 10. O-O Nc6 11. e4 dxe4 12. dxe4 d5 13. e5 Ne8 14. f4 g6 15. Nd1 Rc8 16. Ne3 f5 17. Rac1 Rf7 18. a3 Na5 19. Qd3 Rxc1 20. Rxc1 b5 21. b3 Nc7 22. Qc3 Nb7 23. Nc2 a5 24. Ne1 Na6 25. Qc6 Nb8 26. Qb6 Kg7 27. Nd3 Qe7 28. Rc8 Qxa3 29. Rxb8 Qxb3 30. Ndc1 1-0

[Event "2BLN 2324 HSK Lister Turm II - SC Rotati"]
[Site "?"]
[Date "2024.03.17"]
[Round "10.1"]
[White "Glek, Igor"]
[Black "Polster, Christian"]
[Result "1/2-1/2"]
[WhiteElo "2403"]
[BlackElo "2265"]
[PlyCount "45"]
[EventDate "2024.??.??"]

1. e4 c5 2. Nf3 d6 3. d4 cxd4 4. Qxd4 Nc6 5. Qe3 Nf6 6. h3 g6 7. Be2 Bg7 8. O-O O-O 9. Rd1 Nd7 10. c3 Nde5 11. Na3 Nxf3+ 12. Qxf3 Be6 13. Qg3 Qc7 14. Nc2 Rab8 15. Qh4 Na5 16. Bh6 b5 17. Nd4 Bc4 18. Bg4 e5 19. Bxg7 Kxg7 20. Nf5+ gxf5 21. Qg5+ Kh8 22. Qf6+ Kg8 23. Qg5+ {(=)} 1/2-1/2

[Event "2BLN 2324 HSK Lister Turm II - SC Rotati"]
[Site "?"]
[Date "2024.03.17"]
[Round "10.2"]
[White "Gentemann, Moritz"]
[Black "Szelag, Marcin"]
[Result "1/2-1/2"]
[WhiteElo "2276"]
[BlackElo "2390"]
[PlyCount "73"]
[EventDate "2024.??.??"]

1. c4 g6 2. e4 Bg7 3. d4 d6 4. Nc3 Nf6 5. h3 O-O 6. Be3 c5 7. Nf3 cxd4 8. Nxd4 Nc6 9. Be2 Bd7 10. O-O Nxd4 11. Bxd4 Bc6 12. Qc2 Rc8 13. Rad1 Qa5 14. Qb1 Qb4 15. Rfe1 Nd7 16. Bxg7 Kxg7 17. Qa1 Kg8 18. b3 Nc5 19. Bf1 a5 20. Rb1 Qb6 21. Nd5 Bxd5 22. exd5 Rc7 23. Re3 e5 24. dxe6 fxe6 25. Qd4 Rcf7 26. Rxe6 Rxf2 27. Re7 R2f7 28. Rxf7 Rxf7 29. Rd1 a4 30. Be2 axb3 31. axb3 Qxb3 32. Bf3 Ne6 33. Qxd6 Qe3+ 34. Kh2 Rxf3 35. gxf3 Qf2+ 36. Kh1 Qxf3+ 37. Kh2 1/2-1/2

[Event "2BLN 2324 HSK Lister Turm II - SC Rotati"]
[Site "?"]
[Date "2024.03.17"]
[Round "10.3"]
[White "Tomczak, Rafal"]
[Black "Hoerstmann, Martin"]
[Result "1-0"]
[WhiteElo "2301"]
[BlackElo "2225"]
[PlyCount "31"]
[EventDate "2024.??.??"]

1. e4 g6 2. d4 Bg7 3. Nf3 d6 4. Bd3 Nf6 5. c3 O-O 6. O-O Nbd7 7. h3 e5 8. Be3 Re8 9. Nbd2 d5 10. dxe5 dxe4 11. exf6 Nxf6 12. Nxe4 Nxe4 13. Bxe4 Qxd1 14. Raxd1 Rxe4 15. Rd8+ Bf8 16. Bh6 1-0

[Event "2BLN 2324 HSK Lister Turm II - SC Rotati"]
[Site "?"]
[Date "2024.03.17"]
[Round "10.4"]
[White "Antonov, Alexander"]
[Black "Dauth, Benjamin"]
[Result "1-0"]
[WhiteElo "2228"]
[BlackElo "2216"]
[PlyCount "49"]
[EventDate "2024.??.??"]

1. e4 c6 2. d4 d5 3. e5 g6 4. c4 Be6 5. cxd5 Bxd5 6. Nc3 e6 7. Nge2 Bg7 8. Nf4 Ne7 9. Nfxd5 Nxd5 10. Qb3 Qb6 11. Qxb6 axb6 12. Nxd5 exd5 13. Be3 Na6 14. Kd2 Nc7 15. f4 Ne6 16. g4 Bh6 17. f5 Bxe3+ 18. Kxe3 Ng7 19. Bd3 gxf5 20. gxf5 f6 21. Rhg1 Kf7 22. Rg2 Ne8 23. Be2 Rg8 24. e6+ Kf8 25. e7+ 1-0

[Event "2BLN 2324 HSK Lister Turm II - SC Rotati"]
[Site "?"]
[Date "2024.03.17"]
[Round "10.5"]
[White "Neumeier, Lars"]
[Black "Bleecke, Sebastian"]
[Result "1-0"]
[WhiteElo "2330"]
[BlackElo "2209"]
[PlyCount "57"]
[EventDate "2024.??.??"]

1. d4 d5 2. Nf3 Nf6 3. c4 e6 4. e3 a6 5. b3 b6 6. Nbd2 Bb7 7. Bb2 Nbd7 8. Bd3 Bd6 9. O-O O-O 10. Qc2 Qe7 11. Ne5 g6 12. f4 c5 13. Rae1 Rac8 14. Qb1 Rfd8 15. cxd5 exd5 16. Nxd7 Rxd7 17. f5 Ng4 18. h3 Bh2+ 19. Kh1 Bg3 20. Re2 c4 21. bxc4 dxc4 22. Bxc4 Qh4 23. e4 Rxc4 24. Nxc4 Nf2+ 25. Rfxf2 Bxf2 26. Ne5 gxf5 27. Nxd7 Bxe4 28. Rxe4 fxe4 29. Qxe4 1-0

[Event "2BLN 2324 HSK Lister Turm II - SC Rotati"]
[Site "?"]
[Date "2024.03.17"]
[Round "10.6"]
[White "Hoerstmann, Rudi"]
[Black "Mueller, Michael"]
[Result "1/2-1/2"]
[WhiteElo "2245"]
[BlackElo "2227"]
[PlyCount "36"]
[EventDate "2024.??.??"]

1. Nf3 d5 2. g3 Nf6 3. Bg2 e6 4. O-O Be7 5. c4 O-O 6. d4 dxc4 7. Qc2 a6 8. a4 Bd7 9. Qxc4 Bc6 10. Bf4 Bd6 11. Qc1 Nbd7 12. Nc3 Qe7 13. Rd1 Rac8 14. Qc2 Bxf4 15. gxf4 Rfd8 16. f5 Nf8 17. fxe6 Qxe6 18. Qd2 Ng6 {(=)} 1/2-1/2

[Event "2BLN 2324 HSK Lister Turm II - SC Rotati"]
[Site "?"]
[Date "2024.03.17"]
[Round "10.7"]
[White "Guth, Thomas"]
[Black "Yaghy, Ritta."]
[Result "1-0"]
[WhiteElo "2244"]
[BlackElo "1995"]
[PlyCount "151"]
[EventDate "2024.??.??"]

1. e4 c5 2. Nf3 d6 3. d4 cxd4 4. Nxd4 Nf6 5. Nc3 a6 6. Bg5 e6 7. f4 Qb6 8. Nb3 Nbd7 9. Qf3 Qc7 10. a4 b6 11. Bd3 Bb7 12. Qe2 Be7 13. O-O h6 14. Bh4 Nxe4 15. Bxe4 Bxh4 16. f5 e5 17. Nd5 Qd8 18. f6 g6 19. g3 Bxd5 20. Bxd5 Bxf6 21. Qd3 Rc8 22. Rf2 Kf8 23. Raf1 Kg7 24. Nd2 Rf8 25. Ne4 Nc5 26. Nxc5 dxc5 27. Rxf6 Rc7 28. Rxb6 Rd7 29. Rxa6 Rxd5 30. Qe2 Qg5 31. Qf2 Qe7 32. Qe3 f5 33. b4 cxb4 34. Ra7 Rd7 35. Rxd7 Qxd7 36. Qxe5+ Rf6 37. a5 Kf7 38. Re1 Qa7+ 39. Kf1 Qd7 40. Kg1 Qa7+ 41. Kg2 Qb7+ 42. Kf2 Qd7 43. Qf4 Rc6 44. Re2 Qa7+ 45. Kg2 Qxa5 46. Qxh6 Qc7 47. Qh7+ Kf8 48. Qh8+ Kf7 49. Qe8+ Kf6 50. Qf8+ Kg5 51. h4+ Kh5 52. Qh8+ Kg4 53. Qd4+ f4 54. Qe4 Qd6 55. Rf2 Kh5 56. Rxf4 Rc3 57. Kh3 Kh6 58. Qe8 Rc7 59. Rf8 Qd7+ 60. Qxd7 Rxd7 61. Rc8 Rd2 62. Rc4 Kg7 63. Kg4 Kf6 64. Kf4 Rg2 65. Rc6+ Kg7 66. g4 Rd2 67. Rc5 Rd6 68. Kg5 Rb6 69. Rc7+ Kf8 70. Kh6 Rd6 71. Rc4 Rb6 72. g5 Kg8 73. Rc8+ Kf7 74. Kh7 Rb7 75. Rc6 Rd7 76. Rf6+ 1-0

[Event "2BLN 2324 HSK Lister Turm II - SC Rotati"]
[Site "?"]
[Date "2024.03.17"]
[Round "10.8"]
[White "Braeutigam, Mike"]
[Black "Boetzer, Detlef"]
[Result "1/2-1/2"]
[WhiteElo "1940"]
[BlackElo "2207"]
[PlyCount "89"]
[EventDate "2024.??.??"]

1. Nf3 Nf6 2. g3 g6 3. Bg2 Bg7 4. O-O O-O 5. d3 d5 6. Nbd2 c5 7. e4 Nc6 8. Re1 h6 9. a4 Be6 10. c3 Qb6 11. Qc2 Rfd8 12. exd5 Bxd5 13. Nc4 Qa6 14. b3 Rac8 15. Bf4 b6 16. Rad1 Qb7 17. Ncd2 Nh5 18. Be3 Nd4 19. Bxd4 cxd4 20. c4 Qc7 21. Qa2 Bb7 22. b4 Nf6 23. Nb3 Nh7 24. Qe2 e6 25. Rc1 Qd7 26. b5 Qd6 27. Ra1 Nf8 28. a5 Rc7 29. Rec1 Bxf3 30. Bxf3 Nd7 31. Ra4 h5 32. axb6 axb6 33. Rca1 Nc5 34. Nxc5 Qxc5 35. Bc6 Bf6 36. h4 Kg7 37. Ra7 Rxa7 38. Rxa7 Qe5 39. Qxe5 Bxe5 40. f4 Bd6 41. Kg2 Bc5 42. Kf3 Bd6 43. Bd7 Kf6 44. Ke4 Bb4 45. Ra6 1/2-1/2

[Event "2BLN 2324 SG AE Magdeburg - SK Zehlendor"]
[Site "?"]
[Date "2024.03.17"]
[Round "10.1"]
[White "Baskin, Robert"]
[Black "Biastoch, Bennet"]
[Result "1-0"]
[WhiteElo "2461"]
[BlackElo "2220"]
[PlyCount "105"]
[EventDate "2024.??.??"]

1. e4 c5 2. Nf3 d6 3. d4 cxd4 4. Nxd4 Nf6 5. Nc3 Nc6 6. Bg5 e6 7. Bb5 Bd7 8. Qd3 Nxd4 9. Bxd7+ Qxd7 10. Qxd4 Be7 11. O-O-O Qc6 12. Rhe1 Rc8 13. Kb1 b5 14. Qd3 a6 15. Bxf6 gxf6 16. Re3 Rg8 17. Rg3 Rxg3 18. hxg3 Qc5 19. f4 h6 20. Rh1 Bf8 21. Nd1 Bg7 22. Ne3 Qb4 23. f5 Qc5 24. a3 a5 25. fxe6 fxe6 26. g4 Qe5 27. c3 Rb8 28. Rh5 Qf4 29. Rxb5 Rxb5 30. Qxb5+ Kf7 31. Qd3 Bf8 32. a4 Be7 33. Ka2 Qg3 34. Qe2 Qf4 35. Qf3 Qe5 36. Nc4 Qc5 37. Kb3 d5 38. exd5 exd5 39. Ne3 Ke6 40. Qe2 Bd6 41. Nf5+ Kd7 42. Qb5+ Qxb5+ 43. axb5 Bc5 44. Ka4 Bb6 45. Nxh6 Ke6 46. Nf5 Bc7 47. Nd4+ Ke5 48. Nc6+ Kf4 49. Ne7 Ke4 50. Nc8 Kf4 51. b6 Be5 52. Ne7 d4 53. Ng6+ 1-0

[Event "2BLN 2324 SG AE Magdeburg - SK Zehlendor"]
[Site "?"]
[Date "2024.03.17"]
[Round "10.2"]
[White "Malek, Daniel"]
[Black "Lagunow, Raphael"]
[Result "0-1"]
[WhiteElo "2278"]
[BlackElo "2421"]
[PlyCount "110"]
[EventDate "2024.??.??"]

1. e4 c5 2. Nf3 Nc6 3. Bb5 e6 4. Bxc6 bxc6 5. d3 Qc7 6. Nbd2 e5 7. O-O Ne7 8. Nh4 h6 9. Nc4 g5 10. Nf3 Bg7 11. Re1 Ng6 12. c3 d6 13. h3 O-O 14. d4 exd4 15. cxd4 d5 16. exd5 cxd5 17. Ne3 Be6 18. Nc2 c4 19. Bd2 Rab8 20. Bc3 Nf4 21. Ne5 Rfe8 22. Re3 f6 23. Ng4 h5 24. Nh2 Bf5 25. Rxe8+ Rxe8 26. Ne3 Be4 27. Qd2 Bxg2 28. Nxg2 Re2 29. Nxf4 Rxd2 30. Bxd2 gxf4 31. Nf3 Qd7 32. Kg2 Qf5 33. Bc3 Kf7 34. Re1 Bf8 35. Re2 Bd6 36. Ne1 Qg6+ 37. Kf1 Qb1 38. a3 Qa1 39. Rc2 f3 40. Bd2 Qb1 41. Bc1 Bc7 42. b4 Bb6 43. Bb2 Qd1 44. Bc3 Bxd4 45. Rd2 Qxe1+ 46. Kxe1 Bxc3 47. Kd1 Bxd2 48. Kxd2 Ke6 49. Kc3 a5 50. b5 a4 51. Kb4 Kd6 52. h4 f5 53. Ka5 c3 54. b6 c2 55. b7 Kc7 0-1

[Event "2BLN 2324 SG AE Magdeburg - SK Zehlendor"]
[Site "?"]
[Date "2024.03.17"]
[Round "10.3"]
[White "Sawlin, Leonid"]
[Black "Andre, Gordon"]
[Result "1/2-1/2"]
[WhiteElo "2404"]
[BlackElo "2303"]
[PlyCount "93"]
[EventDate "2024.??.??"]

1. e4 c6 2. d4 d5 3. e5 Bf5 4. h4 h5 5. Bd3 Bxd3 6. Qxd3 e6 7. Bg5 Qb6 8. Nc3 Qa6 9. Nge2 Qxd3 10. cxd3 Nd7 11. Rb1 f6 12. exf6 gxf6 13. Be3 a5 14. Ng3 Bd6 15. Nce2 Ne7 16. Bf4 Bb4+ 17. Bd2 Bd6 18. Kd1 Bxg3 19. Nxg3 Kf7 20. Kc2 Rhg8 21. Rh3 Rg4 22. Rg1 Rag8 23. Bxa5 Rxd4 24. Nxh5 Nf5 25. Bd2 Rxh4 26. Rxh4 Nxh4 27. Rh1 Nf5 28. g3 Rh8 29. Bc3 d4 30. g4 Nh6 31. Bxd4 Nxg4 32. Rg1 Rxh5 33. Rxg4 e5 34. Be3 f5 35. Rb4 b5 36. d4 Ke6 37. dxe5 Nxe5 38. b3 Ng4 39. Bb6 Rh2 40. Rf4 Nf6 41. Rf3 Ne4 42. a4 bxa4 43. bxa4 c5 44. a5 Kd7 45. Rxf5 Rxf2+ 46. Rxf2 Nxf2 47. Bxc5 1/2-1/2

[Event "2BLN 2324 SG AE Magdeburg - SK Zehlendor"]
[Site "?"]
[Date "2024.03.17"]
[Round "10.4"]
[White "Melamed, Tatjana"]
[Black "Brodowski, Piotr"]
[Result "1/2-1/2"]
[WhiteElo "2354"]
[BlackElo "2435"]
[PlyCount "24"]
[EventDate "2024.??.??"]

1. e4 c5 2. c3 Nf6 3. e5 Nd5 4. d4 cxd4 5. cxd4 Nc6 6. Nf3 d6 7. Bc4 dxe5 8. dxe5 Be6 9. O-O g6 10. Ng5 Bg7 11. Nxe6 fxe6 12. Nc3 Nxc3 1/2-1/2

[Event "2BLN 2324 SG AE Magdeburg - SK Zehlendor"]
[Site "?"]
[Date "2024.03.17"]
[Round "10.5"]
[White "Stachowiak, Kamil"]
[Black "Armbrust, Florian"]
[Result "1/2-1/2"]
[WhiteElo "2434"]
[BlackElo "2282"]
[PlyCount "42"]
[EventDate "2024.??.??"]

1. Nf3 d6 2. d4 Nf6 3. g3 g6 4. Bg2 Bg7 5. c4 O-O 6. Nc3 Nbd7 7. O-O e5 8. e4 c6 9. h3 exd4 10. Nxd4 Qb6 11. Nc2 Ne8 12. Bd2 Ne5 13. b3 f5 14. Kh2 Nf6 15. f4 Nf7 16. exf5 Bxf5 17. g4 Bd3 18. Rf3 Be4 19. Nxe4 Nxe4 20. Be3 c5 21. Rc1 Nc3 {(=)} 1/2-1/2

[Event "2BLN 2324 SG AE Magdeburg - SK Zehlendor"]
[Site "?"]
[Date "2024.03.17"]
[Round "10.6"]
[White "Woellermann, Jan"]
[Black "Meister, Jakob"]
[Result "0-1"]
[WhiteElo "2348"]
[BlackElo "2420"]
[PlyCount "108"]
[EventDate "2024.??.??"]

1. d4 d5 2. c4 e6 3. Nf3 c6 4. Nc3 dxc4 5. e3 b5 6. a4 b4 7. Ne4 Qd5 8. Ng3 Ba6 9. e4 Qa5 10. Be2 Nd7 11. O-O Ngf6 12. Bf4 Be7 13. Qc1 c5 14. Bxc4 cxd4 15. Bxa6 Qxa6 16. e5 Nd5 17. Nxd4 Rc8 18. Qd2 O-O 19. Rfe1 Nc5 20. Bg5 Qd3 21. Qxd3 Nxd3 22. Bxe7 Nxe7 23. Re2 Ng6 24. Rd1 Ndxe5 25. f4 Nc4 26. f5 Nf4 27. Re4 Nxb2 28. Rb1 Nbd3 29. fxe6 fxe6 30. Nxe6 Nxe6 31. Rxe6 a5 32. Rd6 Nf4 33. Ne4 Rc2 34. Rd2 Ne2+ 35. Kh1 b3 36. g3 Nc3 37. Rxb3 Rc1+ 38. Kg2 Nxe4 39. Re2 Rc4 40. Rb7 Rxa4 41. Re7 Nc3 42. R2e5 Ra2+ 43. Kh3 Nd1 44. Rg5 Nf2+ 45. Kh4 Ra4+ 46. Kh5 Kh8 47. Rgxg7 Rf5+ 48. Rg5 Rxg5+ 49. Kxg5 Rg4+ 50. Kf5 Rg7 51. Re2 Ng4 52. Re8+ Rg8 53. Rxg8+ Kxg8 54. Kxg4 a4 0-1

[Event "2BLN 2324 SG AE Magdeburg - SK Zehlendor"]
[Site "?"]
[Date "2024.03.17"]
[Round "10.7"]
[White "Lagunow, Alexander"]
[Black "Schoene, Maria"]
[Result "1-0"]
[WhiteElo "2350"]
[BlackElo "2153"]
[PlyCount "133"]
[EventDate "2024.??.??"]

1. Nf3 g6 2. d4 Nf6 3. c4 Bg7 4. g3 O-O 5. Bg2 d6 6. O-O Nc6 7. Nc3 a6 8. Bf4 Rb8 9. Rc1 Nh5 10. Bg5 h6 11. Be3 Kh8 12. Qd2 e5 13. dxe5 Nxe5 14. b3 Bg4 15. Nxe5 dxe5 16. Rfd1 c6 17. h3 Be6 18. Ne4 Qxd2 19. Rxd2 Rbd8 20. Rcd1 Rxd2 21. Rxd2 Nf6 22. Nd6 Rb8 23. Bb6 Ne8 24. Ne4 Bf8 25. a4 Kg7 26. a5 Bb4 27. Rd1 Be7 28. Nc5 Bxc5 29. Bxc5 f6 30. g4 Kf7 31. e3 Ng7 32. f4 exf4 33. exf4 h5 34. Bf3 hxg4 35. hxg4 Rc8 36. Bb6 Re8 37. Kf2 f5 38. g5 Nh5 39. Rh1 Rh8 40. Bd4 Rh7 41. Be5 Bd7 42. Ke3 Be8 43. Kd4 Ke6 44. Kc5 Kd7 45. Rd1+ Kc8 46. Rd6 Ng3 47. Bf6 Rd7 48. Bd4 Bf7 49. Bf2 Nf1 50. Rxd7 Kxd7 51. Be1 Nh2 52. Bg2 Ng4 53. Bd2 Kc7 54. Bc1 Be6 55. Bb2 Bf7 56. Bd4 Be6 57. Bf3 Bf7 58. b4 Be8 59. Be2 Bd7 60. Bg1 Be8 61. Bd1 Bd7 62. Bb3 Be6 63. Ba4 Bd7 64. b5 cxb5 65. cxb5 Bxb5 66. Bxb5 axb5 67. Kxb5 1-0

[Event "2BLN 2324 SG AE Magdeburg - SK Zehlendor"]
[Site "?"]
[Date "2024.03.17"]
[Round "10.8"]
[White "Windelband, Jens"]
[Black "Morczynski, Joachim"]
[Result "1-0"]
[WhiteElo "2040"]
[BlackElo "1974"]
[PlyCount "90"]
[EventDate "2024.??.??"]

1. e4 c5 2. Nf3 Nc6 3. d4 cxd4 4. Nxd4 Nf6 5. Nc3 e5 6. Ndb5 d6 7. Bg5 a6 8. Na3 b5 9. Bxf6 gxf6 10. Nd5 f5 11. Bd3 Be6 12. c3 Bg7 13. O-O Bxd5 14. exd5 Ne7 15. Nc2 e4 16. Be2 Ng6 17. Re1 Qg5 18. Bf1 Be5 19. Nd4 Nf4 20. Re3 Nxd5 21. Rh3 Nf4 22. Rg3 Qf6 23. a4 h5 24. axb5 h4 25. Re3 Qg5 26. Rxa6 Rxa6 27. bxa6 Nxg2 28. Bxg2 Rg8 29. Qf1 f4 30. a7 Kd7 31. Nf3 exf3 32. Rxf3 Ke7 33. Kh1 Qf5 34. h3 Qe4 35. Qa6 Kf6 36. b4 Ke6 37. Qb5 Kf6 38. Qb8 Qg6 39. Qxg8 Qxg8 40. Rd3 Qg6 41. Rd1 f3 42. Bxf3 Qf5 43. Kg2 Qg6+ 44. Kf1 Qf5 45. a8=Q Qd3+ 1-0